000 00991cam a2200265 i 4500
001 18706606
005 20180125073401.0
008 150720s2016 nyu b 001 0 eng
010 _a 2015028275
020 _a9781138786349 (paperback)
020 _z9781315648538 (ebook)
040 _aDLC
_beng
_cDLC
_erda
_dDLC
041 _aeng
042 _apcc
043 _an-us---
080 _a320.473 BON
082 0 0 _a320.473 BON
_223
100 1 _a19
101 _aPOL
245 1 0 _aAnalyzing American democracy :
_cJon R. Bond, Texas A&M University, Kevin B. Smith, University of Nebraska-Lincoln.
504 _aIncludes bibliographical references and index.
906 _a7
_bcbc
_corignew
_d1
_eecip
_f20
_gy-gencatlg
942 _2ddc
_cBK
999 _c40945
_d40945